000 00741nam a2200277Ia 4500
003 OSt
005 20220918163421.0
006 a|||||r|||| 00| 0
007 ta
008 220917b |||||||| |||| 00| 0 eng d
020 _a0 7135 1663 8
024 _a31,798
037 _cTextual
040 _aARTS
_cARTS
_beng
041 _2eng
_aeng
082 _aO111,1K88:g, L2
100 _aDixon Peter ed
_913029
245 0 _aAlexander Pope
260 _aLondon
_bG Bell UK
_c1972
300 _axx,342p.
_ccm.
490 _aWriters and their background
500 _aBib 311-21p; Includes index
650 _aENGLISH LITERATURE
942 _hO111,1K88:g, L2
_cTEXL
_2CC
999 _c119476
_d119476